000
00237nam a2200109Ia 4500
008
220204s9999 xx 000 0 und d
082
_a
82-3
_b
SEA;1
100
_a
Hank
245
0
_a
Jaws 2
260
_a
Toronto
_b
Bantam
_c
1978
942
_c
BK
999
_c
31459
_d
31459